[Event "Titled Tuesday intern op 14th Dec"]
[Site "Chess.com INT"]
[Date "2021.12.14"]
[Round "11"]
[White "Florescu, Codrut Constantin"]
[Black "Milanovic, Vojislav"]
[Result "1-0"]
[WhiteElo "2285"]
[BlackElo "2293"]
[PlyCount "91"]
[EventDate "2021.12.14"]
[EventType "swiss (blitz)"]
[EventRounds "11"]
[EventCountry "USA"]
[SourceTitle "EXT 2023"]
[Source "ChessBase"]
[SourceDate "2022.10.05"]
[SourceVersion "1"]
[SourceVersionDate "2022.10.05"]
[SourceQuality "1"]

1. d4 Nf6 2. c4 g6 3. Nc3 Bg7 4. e4 d6 5. Nf3 0-0 6. Be2 Nbd7 7. h3 e5 8. d5 Nc5 9. Qc2 a5 10. Bg5 h6 11. Be3 Ne8 12. g4 f5 13. Nd2 f4 14. Bxc5 dxc5 15. h4 Nd6 16. f3 Bd7 17. 0-0-0 a4 18. a3 Qe8 19. h5 g5 20. Bd3 b5 21. cxb5 Nxb5 22. Nxb5 Bxb5 23. Bxb5 Qxb5 24. Nc4 Rfb8 25. d6 cxd6 26. Rxd6 Qb3 27. Qxb3 Rxb3 28. Rf1 Rab8 29. Kc2 R3b7 30. Rfd1 Rb3 31. Rd8+ Rxd8 32. Rxd8+ Kf7 33. Rd3 Rb8 34. b3 axb3+ 35. Rxb3 Rd8 36. a4 Rd4 37. Kc3 Rd1 38. a5 Rc1+ 39. Kd3 Rd1+ 40. Kc2 Rd4 41. Kc3 Rd1 42. a6 Ra1 43. Ra3 Rc1+ 44. Kd3 Rd1+ 45. Kc2 Rd4 46. Kc3 1-0

[Event "Titled Tuesday intern op 25th May"]
[Site "Chess.com INT"]
[Date "2021.05.25"]
[Round "3"]
[White "Amarasinghe, AACB"]
[Black "Milanovic, Vojislav"]
[Result "0-1"]
[WhiteElo "1873"]
[BlackElo "2293"]
[PlyCount "56"]
[EventDate "2021.05.25"]
[EventType "swiss (blitz)"]
[EventRounds "11"]
[EventCountry "USA"]
[SourceTitle "CBM 203 Extra"]
[Source "ChessBase"]
[SourceDate "2021.09.30"]
[SourceVersion "1"]
[SourceVersionDate "2021.09.30"]
[SourceQuality "1"]

1. c4 g6 2. d4 Bg7 3. Nf3 d6 4. g3 Nf6 5. Bg2 0-0 6. 0-0 Nc6 7. Nc3 e5 8. h3 h6 9. e4 a5 10. d5 Ne7 11. Be3 b6 12. a3 Nd7 13. b4 f5 14. exf5 gxf5 15. c5 bxc5 16. bxc5 f4 17. gxf4 exf4 18. Bd4 Nf5 19. Bxg7 Kxg7 20. Nd4 Nxc5 21. Ne6+ Nxe6 22. dxe6 Bxe6 23. Bxa8 Qxa8 24. Kh2 Nh4 25. Rg1+ Kh7 26. f3 Nxf3+ 27. Kh1 Nxg1+ 28. Kxg1 Rg8+ 0-1

[Event "Titled Tuesday intern op 25th May"]
[Site "Chess.com INT"]
[Date "2021.05.25"]
[Round "10"]
[White "Milanovic, Vojislav"]
[Black "Barbero Sendic, Alejandro"]
[Result "0-1"]
[WhiteElo "2293"]
[BlackElo "2322"]
[PlyCount "150"]
[EventDate "2021.05.25"]
[EventType "swiss (blitz)"]
[EventRounds "11"]
[EventCountry "USA"]
[SourceTitle "CBM 203 Extra"]
[Source "ChessBase"]
[SourceDate "2021.09.30"]
[SourceVersion "1"]
[SourceVersionDate "2021.09.30"]
[SourceQuality "1"]

1. e4 Na6 2. d4 Nh6 3. Nf3 e6 4. Nc3 d6 5. a3 Bd7 6. Bd3 Be7 7. 0-0 c6 8. Re1 Nc7 9. h3 d5 10. e5 Nf5 11. Ne2 0-0 12. c3 c5 13. Ng3 Nxg3 14. fxg3 cxd4 15. cxd4 Rc8 16. Bb1 f6 17. exf6 Bxf6 18. Qd3 g6 19. Bf4 Na8 20. h4 Qb6 21. b4 Bb5 22. Qe3 Rce8 23. h5 gxh5 24. Ne5 Qc7 25. Bd3 Bxd3 26. Qxd3 Qg7 27. Qe3 Bxe5 28. Bxe5 Qg6 29. Rac1 Rc8 30. Rxc8 Rxc8 31. Rf1 Rf8 32. Rxf8+ Kxf8 33. Qc3 Nb6 34. Qc7 Qb1+ 35. Kh2 h4 36. Qg7+ Ke8 37. Bf6 Nc8 38. Qc7 hxg3+ 39. Qxg3 Qg6 40. Qh4 Kf7 41. Be5 Ne7 42. Qf2+ Nf5 43. Qc2 Qh5+ 44. Kg1 Qg5 45. Qc7+ Qe7 46. Qxe7+ Kxe7 47. Kf2 Kd7 48. Kf3 Kc6 49. Kf4 Ne7 50. g4 Ng6+ 51. Kg5 Nxe5 52. dxe5 d4 53. Kf4 Kd5 54. g5 Kc4 55. Ke4 d3 56. Ke3 Kc3 57. b5 d2 58. b6 d1Q 59. bxa7 Qa4 60. a8Q Qxa8 61. Kf4 Qa7 62. g6 Qd4+ 63. Kg5 hxg6 64. Kf6 Qf4+ 65. Kxe6 g5 66. Kd6 g4 67. Kd5 g3 68. e6 g2 69. e7 g1Q 70. e8Q Qgd4+ 71. Ke6 Qfe5+ 72. Kf7 Qdf4+ 73. Kg8 Qeg5+ 74. Kh7 Qfh4+ 75. Qh5 Qhxh5# 0-1

[Event "Titled Tuesday intern op 09th Mar"]
[Site "Chess.com INT"]
[Date "2021.03.09"]
[Round "11"]
[White "Buker, Muhittin"]
[Black "Milanovic, Vojislav"]
[Result "0-1"]
[WhiteElo "1996"]
[BlackElo "2293"]
[PlyCount "108"]
[EventDate "2021.03.09"]
[EventType "swiss (blitz)"]
[EventRounds "11"]
[EventCountry "USA"]
[SourceTitle "CBM 201 Extra"]
[Source "ChessBase"]
[SourceDate "2021.05.31"]
[SourceVersion "1"]
[SourceVersionDate "2021.05.31"]
[SourceQuality "1"]

1. d4 Nf6 2. c4 c5 3. d5 b5 4. cxb5 a6 5. bxa6 Bxa6 6. Nc3 d6 7. e4 Bxf1 8. Kxf1 g6 9. g3 Bg7 10. Kg2 0-0 11. Nf3 Nbd7 12. Re1 Ng4 13. Qe2 Qb6 14. Nd2 h5 15. h3 Ngf6 16. Nc4 Qa6 17. Bg5 Rfb8 18. Rac1 Nb6 19. Nxb6 Qxb6 20. Rc2 Rb7 21. Qd3 Nd7 22. f4 Bxc3 23. bxc3 f6 24. Bh4 Qa6 25. c4 Qa3 26. Re3 Qxd3 27. Rxd3 Rba7 28. Rdd2 Kf7 29. g4 hxg4 30. hxg4 g5 31. Bg3 gxf4 32. Bxf4 Ra3 33. Rf2 Rg8 34. g5 Ke8 35. Rf3 Rxf3 36. Kxf3 fxg5 37. Rg2 Nb6 38. Rxg5 Rxg5 39. Bxg5 Nxc4 40. Ke2 Kd7 41. Kd3 Nb6 42. Kc3 e6 43. dxe6+ Kxe6 44. Bf4 Kd7 45. Bg3 Kc6 46. Bf4 Nd7 47. Kc4 Nf6 48. Kd3 Ng4 49. Kc4 Nf2 50. e5 d5+ 51. Kc3 Ne4+ 52. Kc2 c4 53. Be3 Ng3 54. Bd4 Nf5 0-1

[Event "Titled Tuesday intern op 09th Mar"]
[Site "Chess.com INT"]
[Date "2021.03.09"]
[Round "7"]
[White "Milanovic, Vojislav"]
[Black "Golubev, Mikhail"]
[Result "0-1"]
[WhiteElo "2293"]
[BlackElo "2461"]
[PlyCount "66"]
[EventDate "2021.03.09"]
[EventType "swiss (blitz)"]
[EventRounds "11"]
[EventCountry "USA"]
[SourceTitle "CBM 201 Extra"]
[Source "ChessBase"]
[SourceDate "2021.05.31"]
[SourceVersion "1"]
[SourceVersionDate "2021.05.31"]
[SourceQuality "1"]

1. e4 c5 2. Nf3 d6 3. Bb5+ Nc6 4. Bxc6+ bxc6 5. h3 e5 6. 0-0 Nf6 7. Re1 Be7 8. c3 0-0 9. d4 cxd4 10. cxd4 exd4 11. Nxd4 Bd7 12. Nc3 Re8 13. Bf4 Qb6 14. b3 Rad8 15. Rc1 c5 16. Nc2 Bc6 17. f3 d5 18. exd5 Nxd5 19. Nxd5 Rxd5 20. Qe2 Bf8 21. Qf2 Red8 22. Ne3 Rd2 23. Re2 Rxe2 24. Qxe2 Re8 25. Qf2 Bb5 26. Nc4 Qf6 27. Be3 Qf5 28. Re1 Bxc4 29. bxc4 Qd3 30. Re2 Qxc4 31. Rc2 Qa4 32. Bxc5 Rc8 33. Rc1 g6 0-1

[Event "Titled Tuesday intern op 29th Dec"]
[Site "Chess.com INT"]
[Date "2020.12.29"]
[Round "8"]
[White "Martins, Carlos"]
[Black "Milanovic, Vojislav"]
[Result "0-1"]
[WhiteElo "2231"]
[BlackElo "2293"]
[PlyCount "90"]
[EventDate "2020.12.29"]
[EventType "swiss (blitz)"]
[EventRounds "11"]
[EventCountry "USA"]
[SourceTitle "CBM 200 Extra"]
[Source "ChessBase"]
[SourceDate "2021.03.31"]
[SourceVersion "1"]
[SourceVersionDate "2021.03.31"]
[SourceQuality "1"]

1. e4 e6 2. d4 d5 3. Nc3 Bb4 4. e5 Qd7 5. a3 Bxc3+ 6. bxc3 b6 7. Nf3 Bb7 8. Bd3 Nc6 9. 0-0 0-0-0 10. Qe2 Kb8 11. Bb5 f5 12. a4 a5 13. Ba3 h6 14. Rfd1 g5 15. c4 dxc4 16. Bxc4 Nge7 17. Bb5 Nd5 18. c4 Nc3 19. Qe3 Nxd1 20. Rxd1 f4 21. Qe2 g4 22. Ne1 f3 23. Qe3 Qg7 24. Bxc6 Bxc6 25. c5 Ka7 26. cxb6+ cxb6 27. Bd6 Rd7 28. Rb1 Rb7 29. Qc3 Qd7 30. Nd3 Rc8 31. Qd2 fxg2 32. Nf4 Be4 33. Re1 Bf3 34. Nh5 Qc6 35. Nf6 Qc3 36. Qxc3 Rxc3 37. h3 h5 38. hxg4 hxg4 39. Kh2 b5 40. axb5 Rxb5 41. Kg3 a4 42. Ra1 Ra5 43. Bb4 Rb3 44. Bxa5 Ka6 45. Bd2 a3 0-1

[Event "Titled Tuesday intern op 29th Dec"]
[Site "Chess.com INT"]
[Date "2020.12.29"]
[Round "11"]
[White "Milanovic, Vojislav"]
[Black "Wagner, Dennis"]
[Result "0-1"]
[WhiteElo "2293"]
[BlackElo "2581"]
[PlyCount "56"]
[EventDate "2020.12.29"]
[EventType "swiss (blitz)"]
[EventRounds "11"]
[EventCountry "USA"]
[SourceTitle "CBM 200 Extra"]
[Source "ChessBase"]
[SourceDate "2021.03.31"]
[SourceVersion "1"]
[SourceVersionDate "2021.03.31"]
[SourceQuality "1"]

1. d4 Nf6 2. Nf3 g6 3. Bg5 Bg7 4. Nbd2 0-0 5. e4 d5 6. Bxf6 exf6 7. Be2 dxe4 8. Nxe4 Re8 9. Nc3 f5 10. 0-0 Nc6 11. d5 Nb4 12. Bc4 Bd7 13. a3 Na6 14. Bxa6 bxa6 15. Nd4 Rb8 16. Rb1 Qf6 17. Nb3 Qb6 18. Qf3 a5 19. a4 h5 20. Rfe1 Qb4 21. h3 Bxa4 22. Rxe8+ Bxe8 23. Na2 Qb6 24. Nac1 a4 25. Nd2 Bxb2 26. Nc4 Qd4 27. Qd3 Qe5 28. Ne2 Rb6 0-1

[Event "Titled Tuesday intern op 22nd Dec"]
[Site "Chess.com INT"]
[Date "2020.12.22"]
[Round "10"]
[White "Milanovic, Vojislav"]
[Black "Sarkar, Justin"]
[Result "0-1"]
[WhiteElo "2293"]
[BlackElo "2366"]
[PlyCount "118"]
[EventDate "2020.12.22"]
[EventType "swiss (blitz)"]
[EventRounds "11"]
[EventCountry "USA"]
[SourceTitle "CBM 199 Extra"]
[Source "ChessBase"]
[SourceDate "2021.01.31"]
[SourceVersion "1"]
[SourceVersionDate "2021.01.31"]
[SourceQuality "1"]

1. e4 e5 2. Nf3 Nc6 3. Nc3 Nf6 4. d4 Bb4 5. Nxe5 Qe7 6. Nxc6 Qxe4+ 7. Be2 dxc6 8. 0-0 Bxc3 9. bxc3 0-0 10. Bd3 Qh4 11. Qf3 Re8 12. Bf4 Bg4 13. Qg3 Qxg3 14. Bxg3 Be2 15. Rfe1 Bxd3 16. cxd3 Rxe1+ 17. Rxe1 Re8 18. Kf1 Rxe1+ 19. Kxe1 Ne8 20. Kd2 f6 21. c4 Kf7 22. Kc3 Ke6 23. a4 Nd6 24. Bf4 g5 25. Bc1 Nf5 26. g3 h5 27. a5 a6 28. Bb2 h4 29. Kb4 Nh6 30. gxh4 gxh4 31. h3 Ng4 32. Kc5 Nxf2 33. d5+ cxd5 34. cxd5+ Kf5 35. Kd4 Nxh3 36. Ke3 Nf4 37. Kf3 Nxd5 38. Bd4 Nf4 39. Bf2 h3 40. Bg3 Nxd3 41. Bh2 c5 42. Kg3 c4 43. Kf3 c3 44. Ke3 c2 45. Kxd3 c1Q 46. Kd4 Qa1+ 47. Kd5 Qxa5+ 48. Kd6 Qa3+ 49. Kd7 Qa4+ 50. Kc7 Qc6+ 51. Kb8 Qd7 52. Ka7 a5 53. Kb6 a4 54. Ka7 a3 55. Kb6 a2 56. Ka7 a1Q+ 57. Kb8 Qa6 58. Bc7 b6 59. Bxb6 Qdc8# 0-1

[Event "Titled Tuesday intern op 22nd Dec"]
[Site "Chess.com INT"]
[Date "2020.12.22"]
[Round "6"]
[White "Milanovic, Vojislav"]
[Black "Skuhala, Barbara"]
[Result "1/2-1/2"]
[WhiteElo "2293"]
[BlackElo "2077"]
[PlyCount "181"]
[EventDate "2020.12.22"]
[EventType "swiss (blitz)"]
[EventRounds "11"]
[EventCountry "USA"]
[SourceTitle "CBM 199 Extra"]
[Source "ChessBase"]
[SourceDate "2021.01.31"]
[SourceVersion "1"]
[SourceVersionDate "2021.01.31"]
[SourceQuality "1"]

1. e4 c5 2. Nf3 d6 3. Bb5+ Nd7 4. c3 Ngf6 5. d3 e5 6. 0-0 Be7 7. Nbd2 0-0 8. Re1 a6 9. Ba4 b5 10. Bc2 Bb7 11. Nf1 Re8 12. Ng3 Nf8 13. Nf5 Ng6 14. Nxe7+ Qxe7 15. h3 h6 16. Nh2 d5 17. Qf3 dxe4 18. dxe4 c4 19. Ng4 Nxg4 20. Qxg4 Rad8 21. g3 Qd7 22. Qxd7 Rxd7 23. Be3 Ne7 24. a4 Nc6 25. axb5 axb5 26. Red1 Red8 27. Rxd7 Rxd7 28. Kf1 f6 29. Ke2 Kf7 30. Bc5 Ke6 31. f4 g6 32. Rf1 Ne7 33. fxe5 fxe5 34. Rf8 Rc7 35. Be3 h5 36. Bg5 Rc8 37. Rf6+ Kd7 38. Rf7 Re8 39. Rg7 Bc8 40. Bxe7 Rxe7 41. Rxg6 Kc7 42. g4 hxg4 43. hxg4 Rf7 44. Ke3 Rf1 45. Rg7+ Kd6 46. g5 Be6 47. Rb7 Kc6 48. Re7 Kd6 49. Rg7 Rc1 50. Kd2 Rg1 51. Ke3 Rg2 52. Bd1 Rxb2 53. g6 Rg2 54. Bh5 Rg3+ 55. Kd2 Rg5 56. Rh7 Bg4 57. Bxg4 Rxg4 58. Rh6 Kc5 59. Rh5 Rxg6 60. Rxe5+ Kb6 61. Ke3 Rg3+ 62. Kd2 Rd3+ 63. Kc2 Re3 64. Re8 Re2+ 65. Kd1 Re3 66. Kd2 Rd3+ 67. Kc2 Re3 68. Kb2 Kc7 69. Re5 Kd6 70. Rxb5 Rxe4 71. Ka3 Kc6 72. Kb4 Rh4 73. Rc5+ Kb6 74. Rxc4 Rxc4+ 75. Kxc4 Kc6 76. Kd4 Kd6 77. c4 Kc6 78. c5 Kc7 79. Kd5 Kd7 80. Kc4 Kc6 81. Kb4 Kc7 82. Ka5 Kc6 83. Kb4 Kc7 84. Kc4 Kc6 85. Kd4 Kc7 86. Kd5 Kd7 87. c6+ Kc7 88. Kc5 Kc8 89. Kd6 Kd8 90. c7+ Kc8 91. Kc6 1/2-1/2

[Event "Titled Tuesday intern op 01st Dec"]
[Site "Chess.com INT"]
[Date "2020.12.01"]
[Round "6"]
[White "Milanovic, Vojislav"]
[Black "Di Berardino, Diego Rafael"]
[Result "1-0"]
[WhiteElo "2293"]
[BlackElo "2471"]
[PlyCount "39"]
[EventDate "2020.12.01"]
[EventType "swiss (blitz)"]
[EventRounds "11"]
[EventCountry "USA"]
[SourceTitle "CBM 199 Extra"]
[Source "ChessBase"]
[SourceDate "2021.01.31"]
[SourceVersion "1"]
[SourceVersionDate "2021.01.31"]
[SourceQuality "1"]

1. e4 c5 2. Nf3 b6 3. d4 cxd4 4. Nxd4 Bb7 5. Nc3 Nf6 6. e5 Nd5 7. Bd2 e6 8. Qg4 Nxc3 9. Bxc3 Nc6 10. Nb5 Qb8 11. Qg3 a6 12. Nd6+ Bxd6 13. exd6 Rg8 14. 0-0-0 Qd8 15. Bd3 f5 16. Rhe1 Kf8 17. h4 b5 18. a3 Qb6 19. Qf4 Re8 20. Bxf5 1-0

[Event "Titled Tuesday intern op 01st Dec"]
[Site "Chess.com INT"]
[Date "2020.12.01"]
[Round "5"]
[White "Milanovic, Vojislav"]
[Black "Quintiliano Pinto, Renato Rodrigues"]
[Result "1-0"]
[WhiteElo "2293"]
[BlackElo "2469"]
[PlyCount "121"]
[EventDate "2020.12.01"]
[EventType "swiss (blitz)"]
[EventRounds "11"]
[EventCountry "USA"]
[SourceTitle "CBM 199 Extra"]
[Source "ChessBase"]
[SourceDate "2021.01.31"]
[SourceVersion "1"]
[SourceVersionDate "2021.01.31"]
[SourceQuality "1"]

1. e4 c5 2. Nf3 d6 3. Bb5+ Nd7 4. c3 Ngf6 5. d3 e6 6. Nbd2 Be7 7. 0-0 0-0 8. Re1 a6 9. Ba4 b5 10. Bc2 Bb7 11. Nf1 Rc8 12. Ng3 Qc7 13. h3 Rfe8 14. Bg5 h6 15. Bd2 Bf8 16. Nh2 d5 17. Ng4 dxe4 18. Nxe4 Nxg4 19. hxg4 Ne5 20. Bf4 Bxe4 21. Rxe4 Bd6 22. g5 hxg5 23. Bxg5 f5 24. Rh4 Ng6 25. Rh3 Bf4 26. Qh5 Kf7 27. Bxf4 Qxf4 28. Rg3 Qh6 29. Qxh6 gxh6 30. Bd1 Kf6 31. a4 b4 32. Bb3 Nf4 33. Kf1 Red8 34. Bc4 e5 35. Bxa6 Rc7 36. Bc4 Rcd7 37. a5 Nxd3 38. Bxd3 Rxd3 39. Rxd3 Rxd3 40. cxb4 cxb4 41. a6 Rd8 42. a7 Ra8 43. Ra6+ Kg5 44. Ke2 h5 45. g3 h4 46. gxh4+ Kxh4 47. f3 Kg5 48. Ke3 Kh5 49. f4 e4 50. Ra5 Kg4 51. b3 Kg3 52. Rxf5 Rxa7 53. Rg5+ Kh4 54. Rb5 Ra1 55. Kxe4 Re1+ 56. Kf5 Re8 57. Rxb4 Rf8+ 58. Ke5 Kg4 59. f5+ Kg5 60. f6 Rxf6 61. Rd4 1-0

[Event "Titled Tuesday intern op 17th April"]
[Site "Chess.com INT"]
[Date "2018.04.17"]
[Round "4"]
[White "Milanovic, Vojislav"]
[Black "Tregubov, Pavel V"]
[Result "0-1"]
[WhiteElo "2293"]
[BlackElo "2579"]
[PlyCount "130"]
[EventDate "2018.04.17"]
[EventType "swiss (blitz)"]
[EventRounds "10"]
[EventCountry "USA"]
[SourceTitle "EXT 2021"]
[Source "ChessBase"]
[SourceDate "2020.10.23"]
[SourceVersion "1"]
[SourceVersionDate "2020.10.23"]
[SourceQuality "1"]

1. Nf3 c5 2. e4 e6 3. d3 Nc6 4. g3 Nge7 5. Bg2 g6 6. h4 h6 7. c3 Bg7 8. Be3 b6 9. 0-0 d5 10. Re1 d4 11. Bc1 e5 12. cxd4 cxd4 13. b3 0-0 14. Ba3 a5 15. Nbd2 Nb4 16. Nc4 Nec6 17. Bb2 b5 18. Na3 Qb6 19. Nc2 Bg4 20. a3 Na6 21. Rc1 Nc5 22. Na1 Rac8 23. Qd2 b4 24. a4 Be6 25. Qd1 Nb8 26. Bf1 Nbd7 27. Nd2 Qa6 28. Nc4 f5 29. exf5 Bxf5 30. Qf3 Kh7 31. Qd1 Rf7 32. h5 g5 33. g4 Be6 34. Bg2 Kh8 35. Qe2 Rcf8 36. Rf1 Rf4 37. f3 Bg8 38. Rcd1 Re8 39. Bc1 Rff8 40. Bd2 Nb6 41. Be1 Nxc4 42. dxc4 d3 43. Qe3 Qd6 44. Bf2 Rc8 45. Rfe1 Rfd8 46. Rd2 e4 47. fxe4 Be5 48. Qh3 Qf6 49. Rdd1 Bd4 50. Rf1 Qe5 51. Bxd4 Qxd4+ 52. Kh1 Bh7 53. Rfe1 Nxe4 54. Kh2 Nf2 55. Qe3 Nxd1 56. Qe7 Re8 57. Qxe8+ Rxe8 58. Rxe8+ Kg7 59. Re7+ Kf6 60. Re1 Nf2 61. Rf1 Ke5 62. Re1+ Kd6 63. Rf1 Nxg4+ 64. Kh3 Ne3 65. Rf7 Qh4# 0-1

[Event "Titled Tuesday intern op 17th April"]
[Site "Chess.com INT"]
[Date "2018.04.17"]
[Round "5"]
[White "Panda, Vedic"]
[Black "Milanovic, Vojislav"]
[Result "0-1"]
[WhiteElo "2021"]
[BlackElo "2293"]
[PlyCount "78"]
[EventDate "2018.04.17"]
[EventType "swiss (blitz)"]
[EventRounds "10"]
[EventCountry "USA"]
[SourceTitle "EXT 2021"]
[Source "ChessBase"]
[SourceDate "2020.10.23"]
[SourceVersion "1"]
[SourceVersionDate "2020.10.23"]
[SourceQuality "1"]

1. e4 c5 2. Nc3 a6 3. g3 Nc6 4. Bg2 g6 5. f4 Bg7 6. d3 e6 7. Nh3 Nge7 8. e5 d6 9. exd6 Qxd6 10. 0-0 0-0 11. Nf2 Nd4 12. Be3 Nef5 13. Bd2 Rb8 14. Nce4 Qc7 15. c3 Nb5 16. g4 Nfd6 17. Be3 b6 18. a4 Na7 19. Qc2 Nc6 20. Nxd6 Qxd6 21. Ne4 Qc7 22. Qf2 Ne7 23. Qh4 Nd5 24. Bd2 h6 25. c4 Nb4 26. Nf6+ Kh8 27. f5 Qe7 28. Bxh6 Bxf6 29. Bg5+ Kg7 30. Qh6+ Kg8 31. fxg6 fxg6 32. Qxg6+ Qg7 33. Qe4 Qxg5 34. h4 Bd4+ 35. Kh2 Qxh4+ 36. Bh3 Rf2+ 37. Rxf2 Qxf2+ 38. Kh1 Qf6 39. Re1 Bb7 0-1

[Event "Titled Tuesday intern op 3rd Oct"]
[Site "Chess.com INT"]
[Date "2017.10.03"]
[Round "4"]
[White "Matinian, Nikita"]
[Black "Milanovic, Vojislav"]
[Result "1-0"]
[WhiteElo "2499"]
[BlackElo "2293"]
[PlyCount "91"]
[EventDate "2017.10.03"]
[EventType "swiss (blitz)"]
[EventRounds "10"]
[EventCountry "USA"]
[SourceTitle "EXT 2021"]
[Source "ChessBase"]
[SourceDate "2020.10.23"]
[SourceVersion "1"]
[SourceVersionDate "2020.10.23"]
[SourceQuality "1"]

1. d4 Nf6 2. c4 c5 3. d5 d6 4. Nc3 g6 5. e4 Bg7 6. Nf3 0-0 7. Bd3 Na6 8. 0-0 Nc7 9. h3 e5 10. dxe6 Nxe6 11. Be3 Nh5 12. Qd2 Bd7 13. Nd5 Bc6 14. Rad1 Bxd5 15. exd5 Nd4 16. Nxd4 cxd4 17. Bg5 f6 18. Bh6 Bxh6 19. Qxh6 f5 20. Rfe1 Ng7 21. Re2 Qf6 22. Rde1 Rae8 23. Qd2 Rxe2 24. Rxe2 Re8 25. Rxe8+ Nxe8 26. Qa5 a6 27. Qb6 Qe5 28. Kf1 Qh2 29. Qxb7 Qh1+ 30. Ke2 Qxg2 31. Qe7 Ng7 32. Qd8+ Kf7 33. Qxd6 Qxh3 34. c5 Qg4+ 35. Kd2 Qg5+ 36. Kc2 Qg2 37. Qc7+ Kf6 38. Qd8+ Kf7 39. d6 Qxf2+ 40. Kb3 Qe3 41. Kc4 Qc1+ 42. Kb3 Qxc5 43. Bc4+ Ne6 44. Qe7+ Kg8 45. Bxe6+ Kh8 46. Qf8# 1-0

[Event "Titled Tuesday intern op 3rd Oct"]
[Site "Chess.com INT"]
[Date "2017.10.03"]
[Round "3"]
[White "Milanovic, Vojislav"]
[Black "Azarov, Sergei Nikolaevich"]
[Result "0-1"]
[WhiteElo "2293"]
[BlackElo "2556"]
[PlyCount "112"]
[EventDate "2017.10.03"]
[EventType "swiss (blitz)"]
[EventRounds "10"]
[EventCountry "USA"]
[SourceTitle "EXT 2021"]
[Source "ChessBase"]
[SourceDate "2020.10.23"]
[SourceVersion "1"]
[SourceVersionDate "2020.10.23"]
[SourceQuality "1"]

1. Nf3 Nf6 2. d4 e6 3. Bg5 d5 4. Nbd2 c5 5. c3 Nbd7 6. e3 Be7 7. Bd3 h6 8. Bh4 b6 9. 0-0 Bb7 10. Ne5 Nxe5 11. dxe5 Nd7 12. Bg3 h5 13. h3 Qc7 14. f4 h4 15. Bh2 g6 16. c4 0-0-0 17. Qe2 Nb8 18. Rac1 d4 19. e4 Nc6 20. a3 g5 21. Nf3 gxf4 22. Bxf4 Rdg8 23. Rf2 Bf8 24. Kh1 Bh6 25. Qd2 Bxf4 26. Qxf4 f5 27. exf5 exf5 28. Bxf5+ Kb8 29. Bg4 Rf8 30. Qg5 Nxe5 31. Rcf1 Nxg4 32. Qxg4 Qg3 33. Qxg3+ hxg3 34. Re2 Re8 35. Rfe1 Rxe2 36. Rxe2 a5 37. Re7 Bxf3 38. gxf3 Rxh3+ 39. Kg2 Rh2+ 40. Kxg3 Rxb2 41. f4 Rb1 42. Kf2 Rb2+ 43. Kg3 Rb3+ 44. Kg4 Rb1 45. f5 Rf1 46. Kg5 b5 47. cxb5 c4 48. Re4 c3 49. Rxd4 c2 50. Rc4 c1Q+ 51. Rxc1 Rxc1 52. f6 Rf1 53. a4 Kc7 54. Kg6 Kd7 55. f7 Ke7 56. f8Q+ Rxf8 0-1

[Event "Titled Tuesday intern op 2nd May"]
[Site "Chess.com INT"]
[Date "2017.05.02"]
[Round "1"]
[White "Gordievsky, Dmitry"]
[Black "Milanovic, Vojislav"]
[Result "1-0"]
[WhiteElo "2611"]
[BlackElo "2293"]
[PlyCount "77"]
[EventDate "2017.05.02"]
[EventType "swiss (blitz)"]
[EventRounds "10"]
[EventCountry "USA"]
[SourceTitle "EXT 2021"]
[Source "ChessBase"]
[SourceDate "2020.10.23"]
[SourceVersion "1"]
[SourceVersionDate "2020.10.23"]
[SourceQuality "1"]

1. d4 Nf6 2. Nf3 d6 3. g3 g6 4. Bg2 Bg7 5. 0-0 0-0 6. c4 Nbd7 7. Nc3 e5 8. h3 c6 9. e4 Re8 10. Be3 exd4 11. Nxd4 Nc5 12. Qc2 a5 13. Rad1 Qb6 14. Nb3 Qb4 15. Nxc5 dxc5 16. Na4 Be6 17. b3 Nd7 18. Bd2 Qa3 19. Bc1 Qb4 20. a3 b5 21. axb4 axb4 22. cxb5 cxb5 23. Nxc5 Rac8 24. Be3 Bf8 25. Nxd7 Rxc2 26. Nf6+ Kh8 27. Nxe8 Bxb3 28. Rd8 Kg8 29. Bd4 f6 30. Nxf6+ Kf7 31. Rd7+ Ke6 32. h4 Be7 33. Bh3+ Kf7 34. Nd5 Bxd5 35. exd5 Ke8 36. d6 Bxd6 37. Re1+ Kf8 38. Bg7+ Kg8 39. Be6# 1-0

[Event "Titled Tuesday intern op 2nd May"]
[Site "Chess.com INT"]
[Date "2017.05.02"]
[Round "3"]
[White "Mihok, Oliver"]
[Black "Milanovic, Vojislav"]
[Result "1-0"]
[WhiteElo "2532"]
[BlackElo "2293"]
[PlyCount "131"]
[EventDate "2017.05.02"]
[EventType "swiss (blitz)"]
[EventRounds "10"]
[EventCountry "USA"]
[SourceTitle "EXT 2021"]
[Source "ChessBase"]
[SourceDate "2020.10.23"]
[SourceVersion "1"]
[SourceVersionDate "2020.10.23"]
[SourceQuality "1"]

1. e4 c6 2. d4 d5 3. Nd2 dxe4 4. Nxe4 Nf6 5. Nxf6+ exf6 6. c3 Bd6 7. Bd3 Be6 8. Qc2 h5 9. Ne2 Qc7 10. Be3 Nd7 11. 0-0-0 0-0-0 12. h4 c5 13. Kb1 c4 14. Be4 Nb6 15. g3 Bd7 16. Rde1 Kb8 17. Nf4 g6 18. Ka1 Rhe8 19. Bc1 Ba4 20. Qd2 f5 21. Bf3 Bc6 22. Rxe8 Rxe8 23. Bxc6 Qxc6 24. Re1 Re4 25. Qd1 Qe8 26. Re3 Bxf4 27. Rxe4 Qxe4 28. Bxf4+ Kc8 29. f3 Qd5 30. Qe2 Kd7 31. Kb1 Qe6 32. Qd1 Qc6 33. Qe2 Qe6 34. Qd1 a6 35. b3 Qd5 36. Kc2 Nc8 37. Qe2 Ne7 38. bxc4 Qc6 39. Bg5 Nc8 40. Kd3 b5 41. cxb5 axb5 42. Kd2 Qd5 43. Ke1 Qe6 44. Kf2 Qxe2+ 45. Kxe2 Ke6 46. Kd3 Kd5 47. a4 bxa4 48. c4+ Kc6 49. Kc3 Nd6 50. Be7 Nc8 51. Bc5 f6 52. f4 a3 53. Kb3 a2 54. Kxa2 Kd7 55. Kb3 Kc6 56. Kb4 Kc7 57. d5 Kd7 58. Kb5 Kc7 59. Ka6 Kd7 60. Kb7 Nd6+ 61. Bxd6 Kxd6 62. Kb6 Kd7 63. c5 g5 64. c6+ Kd6 65. c7 Kd7 66. Kb7 1-0

[Event "Titled Tuesday intern op 2nd May"]
[Site "Chess.com INT"]
[Date "2017.05.02"]
[Round "8"]
[White "Milanovic, Vojislav"]
[Black "Krishnan, Varun"]
[Result "0-1"]
[WhiteElo "2293"]
[BlackElo "2247"]
[PlyCount "156"]
[EventDate "2017.05.02"]
[EventType "swiss (blitz)"]
[EventRounds "10"]
[EventCountry "USA"]
[SourceTitle "EXT 2021"]
[Source "ChessBase"]
[SourceDate "2020.10.23"]
[SourceVersion "1"]
[SourceVersionDate "2020.10.23"]
[SourceQuality "1"]

1. Nf3 d5 2. c4 e6 3. g3 Nf6 4. Bg2 Be7 5. 0-0 0-0 6. b3 c5 7. Bb2 Nc6 8. e3 d4 9. exd4 cxd4 10. d3 Ne8 11. Na3 f6 12. Nc2 e5 13. a3 a5 14. Qd2 Be6 15. b4 axb4 16. axb4 Rxa1 17. Rxa1 Qd7 18. b5 Nd8 19. Nb4 Nf7 20. Ne1 h5 21. h4 g5 22. hxg5 Nxg5 23. Nd5 f5 24. Nxe7+ Qxe7 25. Ba3 Qf6 26. Bxf8 Kxf8 27. f4 Nf7 28. Nf3 e4 29. dxe4 d3 30. e5 Qd8 31. Qc3 Nh6 32. Rd1 Ng4 33. Rxd3 Qb6+ 34. Qd4 Qa5 35. Rd1 Qa2 36. Ng5 Bxc4 37. e6 Bxe6 38. Nxe6+ Qxe6 39. Qc5+ Kg7 40. Qd4+ Kg6 41. Bf3 Qb3 42. Qd3 Qb4 43. Bxg4 hxg4 44. Qd5 Nf6 45. Qd3 Ne4 46. Qd5 Qe7 47. Qe5 Qf7 48. Qd5 Qe7 49. Qd3 Qc5+ 50. Qd4 Qxb5 51. Qe3 Qc6 52. Rc1 Qd6 53. Re1 Kf6 54. Kg2 Kg6 55. Re2 Kf6 56. Qc1 Qd3 57. Qe3 Qd5 58. Re1 Nd2+ 59. Kg1 Nf3+ 60. Kf2 Nxe1 61. Kxe1 Qe4 62. Kd2 Qxe3+ 63. Kxe3 Ke6 64. Kd4 Kd6 65. Kc4 Kc6 66. Kd4 b5 67. Ke5 b4 68. Kxf5 b3 69. Kxg4 b2 70. Kg5 b1Q 71. f5 Kd6 72. g4 Ke5 73. Kg6 Qb6+ 74. Kh5 Qf6 75. g5 Qxf5 76. Kh6 Ke6 77. g6 Kf6 78. g7 Qg6# 0-1